An Illustrated Guide to the Fishes of Indawgyi Lake in Myanmar (Record no. 80950)

MARC details
000 -LEADER
fixed length control field 01469namaa2200421uu 4500
001 - CONTROL NUMBER
control field doab134288
003 - CONTROL NUMBER IDENTIFIER
control field oapen
005 - DATE AND TIME OF LATEST TRANSACTION
control field 20260218110428.0
006 - FIXED-LENGTH DATA ELEMENTS--ADDITIONAL MATERIAL CHARACTERISTICS
fixed length control field m o d
007 - PHYSICAL DESCRIPTION FIXED FIELD--GENERAL INFORMATION
fixed length control field cr|mn|---annan
008 - FIXED-LENGTH DATA ELEMENTS--GENERAL INFORMATION
fixed length control field 240216s2024 xx |||||o ||| 0|eng d
020 ## - INTERNATIONAL STANDARD BOOK NUMBER
International Standard Book Number 978-2-7598-3243-9
020 ## - INTERNATIONAL STANDARD BOOK NUMBER
International Standard Book Number 9782759832439
024 7# - OTHER STANDARD IDENTIFIER
Standard number or code 10.1051/978-2-7598-3243-9
Source of number or code doi
040 ## - CATALOGING SOURCE
Original cataloging agency oapen
Transcribing agency oapen
Modifying agency
041 0# - LANGUAGE CODE
Language code of text/sound track or separate title eng
042 ## - AUTHENTICATION CODE
Authentication code dc
245 00 - TITLE STATEMENT
Title An Illustrated Guide to the Fishes of Indawgyi Lake in Myanmar
260 ## - PUBLICATION, DISTRIBUTION, ETC.
Name of publisher, distributor, etc. EDP SCIENCES
Date of publication, distribution, etc. 2024
300 ## - PHYSICAL DESCRIPTION
Extent 1 online resource (172 p.)
336 ## - CONTENT TYPE
Content type term text
Content type code txt
Source rdacontent
337 ## - MEDIA TYPE
Media type term computer
Media type code c
Source rdamedia
338 ## - CARRIER TYPE
Carrier type term online resource
Carrier type code cr
Source rdacarrier
506 0# - RESTRICTIONS ON ACCESS NOTE
Standardized terminology for access restriction Unrestricted online access
Source of term star
520 ## - SUMMARY, ETC.
Summary, etc. The Earth: natural history: general interest
540 ## - TERMS GOVERNING USE AND REPRODUCTION NOTE
Terms governing use and reproduction Creative Commons
-- https://creativecommons.org/licenses/by-nc-nd/4.0/
-- cc
Uniform Resource Identifier <a href="https://creativecommons.org/licenses/by-nc-nd/4.0/">https://creativecommons.org/licenses/by-nc-nd/4.0/</a>
546 ## - LANGUAGE NOTE
Language note English
720 1# - ADDED ENTRY--UNCONTROLLED NAME
Name Chen, Dr. Xiao-yong
Relator code aut
720 1# - ADDED ENTRY--UNCONTROLLED NAME
Name Htay, Khin Yadanar
Relator code aut
720 1# - ADDED ENTRY--UNCONTROLLED NAME
Name Lin, Feng
Relator code aut
720 1# - ADDED ENTRY--UNCONTROLLED NAME
Name Naing, Nay Htet
Relator code aut
720 1# - ADDED ENTRY--UNCONTROLLED NAME
Name Qin, Tao
Relator code aut
720 1# - ADDED ENTRY--UNCONTROLLED NAME
Name Shu, Dr. Shu-sen
Relator code aut
720 1# - ADDED ENTRY--UNCONTROLLED NAME
Name Tin, Thinn Su
Relator code aut
793 0# -
-- DOAB Library.
856 ## - ELECTRONIC LOCATION AND ACCESS
Uniform Resource Identifier <a href="https://docs.google.com/spreadsheets/d/1yKIrdCPDAG_9c22mwoOIO2DOhtj65Wqa/edit?usp=sharing&ouid=106555315294820607512&rtpof=true&sd=true ">https://docs.google.com/spreadsheets/d/1yKIrdCPDAG_9c22mwoOIO2DOhtj65Wqa/edit?usp=sharing&ouid=106555315294820607512&rtpof=true&sd=true </a>
Link text List of Curated E-Books
942 ## - ADDED ENTRY ELEMENTS (KOHA)
Koha item type E-Book
Holdings
Withdrawn status Damaged status Not for loan Home library Current library Date acquired Total Checkouts Date last seen Price effective from Koha item type
      Directory of Open Access Books Directory of Open Access Books 12/09/2024   12/09/2024 12/09/2024 E-Book

University of Rizal System
Email us at univlibservices@urs.edu.ph

Visit our Website www.urs.edu.ph/library